| 000 | 005250000a22001690004500 | ||
|---|---|---|---|
| 090 |
_aAR _b02505 |
||
| 245 | 1 | 0 | _aIntroduction: orders and families of recent mammals of the world |
| 650 | 1 | 4 |
_aSistemática animal _992968 |
| 650 | 1 | 4 |
_aTaxonomía animal _98245 |
| 650 | 1 | 4 |
_aMamíferos _992510 |
| 650 | 1 | 4 |
_aZoogeografía _993082 |
| 041 | 0 | _aInglés | |
| 700 | 1 |
_aJones, J. Knox _99498 |
|
| 100 | 1 |
_aAnderson, Sydney _99502 |
|
| 942 | _cARTICULO | ||
| 773 | 1 |
_tOrders and Families of Recent Mammals of the World _3226 _q1-10 _d1984 |
|
| 999 |
_c11571 _d11571 |
||